Clean coal engineering technology / (Record no. 355507)
[ view plain ]
| 000 -LEADER | |
|---|---|
| fixed length control field | 01075cam a2200325 a 4500 |
| 001 - CONTROL NUMBER | |
| control field | 16270141 |
| 003 - CONTROL NUMBER IDENTIFIER | |
| control field | Nust- CAS-E |
| 005 - DATE AND TIME OF LATEST TRANSACTION | |
| control field | 20180118181404.0 |
| 008 - FIXED-LENGTH DATA ELEMENTS--GENERAL INFORMATION | |
| fixed length control field | 100607s2011 mauab b 000 0 eng |
| 010 ## - LIBRARY OF CONGRESS CONTROL NUMBER | |
| LC control number | 2010020592 |
| 020 ## - INTERNATIONAL STANDARD BOOK NUMBER | |
| International Standard Book Number | 9781856177108 |
| 020 ## - INTERNATIONAL STANDARD BOOK NUMBER | |
| International Standard Book Number | 1856177106 |
| 035 ## - SYSTEM CONTROL NUMBER | |
| System control number | (OCoLC)ocn639573728 |
| 040 ## - CATALOGING SOURCE | |
| Original cataloging agency | DLC |
| Transcribing agency | DLC |
| Modifying agency | YDX |
| -- | YDXCP |
| -- | CDX |
| -- | DLC |
| 050 00 - LIBRARY OF CONGRESS CALL NUMBER | |
| Classification number | TP325 |
| Item number | .M548 2011 |
| 082 00 - DEWEY DECIMAL CLASSIFICATION NUMBER | |
| Classification number | 662.620286 |
| Edition number | 22 |
| Author Mark | MIL 2011 |
| 100 1# - MAIN ENTRY--PERSONAL NAME | |
| Personal name | Miller, Bruce G., |
| Titles and words associated with a name | M.S. |
| 245 10 - TITLE STATEMENT | |
| Title | Clean coal engineering technology / |
| Statement of responsibility, etc. | Bruce G Miller. |
| 260 ## - PUBLICATION, DISTRIBUTION, ETC. | |
| Place of publication, distribution, etc. | Burlington, MA : |
| Name of publisher, distributor, etc. | Butterworth-Heinemann, |
| Date of publication, distribution, etc. | c2011. |
| 300 ## - PHYSICAL DESCRIPTION | |
| Extent | xiv, 681 p. : |
| Other physical details | ill., maps ; |
| Dimensions | 24 cm. |
| 502 ## - DISSERTATION NOTE | |
| Dissertation note | 0 |
| 504 ## - BIBLIOGRAPHY, ETC. NOTE | |
| Bibliography, etc. note | Includes bibliographical references and index. |
| 650 #0 - SUBJECT ADDED ENTRY--TOPICAL TERM | |
| Topical term or geographic name entry element | Clean coal technologies. |
| 650 #0 - SUBJECT ADDED ENTRY--TOPICAL TERM | |
| Topical term or geographic name entry element | Coal |
| General subdivision | Environmental aspects. |
| 650 #0 - SUBJECT ADDED ENTRY--TOPICAL TERM | |
| Topical term or geographic name entry element | Coal-fired power plants. |
| 650 #0 - SUBJECT ADDED ENTRY--TOPICAL TERM | |
| Topical term or geographic name entry element | Coal-fired furnaces. |
| 906 ## - LOCAL DATA ELEMENT F, LDF (RLIN) | |
| a | 7 |
| b | cbc |
| c | orignew |
| d | 1 |
| e | ecip |
| f | 20 |
| g | y-gencatlg |
| 942 ## - ADDED ENTRY ELEMENTS (KOHA) | |
| Source of classification or shelving scheme | |
| Koha item type | Book |
| Withdrawn status | Lost status | Source of classification or shelving scheme | Damaged status | Not for loan | Collection code | Permanent Location | Current Location | Shelving location | Date acquired | Source of acquisition | Total Checkouts | Total Renewals | Full call number | Barcode | Date last seen | Date last checked out | Cost, replacement price | Price effective from | Koha item type | Copy number |
|---|---|---|---|---|---|---|---|---|---|---|---|---|---|---|---|---|---|---|---|---|
| US-Pakistan Center for Advanced Studies in Energy (USPCAS-E) | US-Pakistan Center for Advanced Studies in Energy (USPCAS-E) | General Stacks | 04/11/2013 | Victoria co | 5 | 1 | 662.620286 MIL 2011 | CAS-E0000055 | 12/16/2016 | 10/14/2016 | 29170.00 | 02/25/2015 | Book | |||||||
| US-Pakistan Center for Advanced Studies in Energy (USPCAS-E) | US-Pakistan Center for Advanced Studies in Energy (USPCAS-E) | General Stacks | 04/11/2013 | Victoria co | 3 | 662.620286 MIL 2011 | CAS-E0000056 | 10/26/2016 | 09/30/2016 | 29170.00 | 02/25/2015 | Book | ||||||||
| US-Pakistan Center for Advanced Studies in Energy (USPCAS-E) | US-Pakistan Center for Advanced Studies in Energy (USPCAS-E) | General Stacks | 03/12/2015 | Anas traders | 3 | 1 | 662.620286 MIL 2011 | CAS-E0000476 | 11/29/2016 | 10/14/2016 | 03/12/2015 | Book | 3 | |||||||
| US-Pakistan Center for Advanced Studies in Energy (USPCAS-E) | US-Pakistan Center for Advanced Studies in Energy (USPCAS-E) | General Stacks | 03/12/2015 | Anas traders | 3 | 2 | 662.620286 MIL 2011 | CAS-E0000477 | 01/09/2017 | 01/09/2017 | 03/12/2015 | Book | 4 | |||||||
| US-Pakistan Center for Advanced Studies in Energy (USPCAS-E) | US-Pakistan Center for Advanced Studies in Energy (USPCAS-E) | General Stacks | 03/12/2015 | Anas traders | 5 | 662.620286 MIL 2011 | CAS-E0000478 | 01/18/2017 | 01/10/2017 | 03/12/2015 | Book | 5 | ||||||||
| US-Pakistan Center for Advanced Studies in Energy (USPCAS-E) | US-Pakistan Center for Advanced Studies in Energy (USPCAS-E) | General Stacks | 03/12/2015 | Anas traders | 1 | 662.620286 MIL 2011 | CAS-E0000479 | 09/26/2016 | 09/26/2016 | 03/12/2015 | Book | 6 |
